| 000 | 01536nam a2200181 4500 | ||
|---|---|---|---|
| 005 | 20250724152118.0 | ||
| 008 | 250724b |||||||| |||| 00| 0 eng d | ||
| 020 |
_a9781840972108 _qhbk |
||
| 041 | _aeng | ||
| 082 |
_a951.132 _bSHA |
||
| 100 | _aShangai | ||
| 245 |
_aShanghai Political & Economic Reports, 1842-1943 : British Government Records From The International City 18 Volumes _b: volume 1. introduction & reports for 1839-1846 volume 2. 1847-1852 volume 3. 1853-1856 volume 4. 1857-1862 volume 5. 1863-1866 volume 6. 1867-1873 volume 7. 1874-1878 volume 8. 1879-1883 volume 9. 1884-1893 volume 10. 1894-1899 volume 11. 1900-1913 volume 12. 1914-1920 volume 13. 1921-1924 volume 14. 1925-1926 volume 15. 1927 volume 16. 1928-1930 volume 17. 1931-1935 volume 18. 1936-1943 _c Jarman, Robert L. |
||
| 260 |
_bArchive Editions _c2008 |
||
| 300 | _b1 color map ; 26 cm | ||
| 500 | _a Volume 1. Introduction & reports for 1839-1846 volume 2. 1847-1852 volume 3. 1853-1856 volume 4. 1857-1862 volume 5. 1863-1866 volume 6. 1867-1873 volume 7. 1874-1878 volume 8. 1879-1883 volume 9. 1884-1893 volume 10. 1894-1899 volume 11. 1900-1913 volume 12. 1914-1920 volume 13. 1921-1924 volume 14. 1925-1926 volume 15. 1927 volume 16. 1928-1930 volume 17. 1931-1935 volume 18. 1936-1943 | ||
| 520 | _aThe remarkable and durable institution of the International Settlement allowed the British to report in detail on political and economic matters in Shanghai and China. This collection of primary documents | ||
| 942 | _cREF | ||
| 999 |
_c577288 _d577288 |
||